000 00534nam a2200193 i 4500
001 90187
003 ES-MaACL
005 20250814011832.0
007 t|
008 050119s1906 fr ||||1| fre d
100 1 _aLe Dantec, Félix.
_970865
245 1 0 _aTraité de biologie /
_cFélix Le Dantec.
250 _a2eme ed. rev.
260 _a[S.l. :
_bs.n.,
_c1906] (
_eEvreux :
_fCharles Herisey)
300 _aIV, 553 p. ;
_c25 cm.
650 0 7 _aBiología
_2embne
_910580
852 _aES-MaACL
_jE-1348
999 _c90187
_d90187